000
00275cam a2200109ua 4500
082
_a
330.1
_b
MEY/EL
100
_a
Meyers, Albert L .
_9
1632
245
_a
Elements of Modern Economics /
260
_a
Culcutta :
_b
Wald press culcutta ,
_c
1952.
300
_a
452 ; .
942
_c
BK
999
_c
2264
_d
2264